| 000 | 00591nam a22001337a 4500 | ||
|---|---|---|---|
| 040 | _cRUA | ||
| 082 | _aAGR CHO 2013 B057 Or.1 | ||
| 100 | _aCHOEM, CHANNA. | ||
| 245 | _aComparison of sweet orange shoot growth after bud grafting, ប្រៀបធៀបការលូតលាស់របស់ពន្លកក្រូចពោធិ៍សាត់បន្ទាប់ពីបំបៅភ្នែក | ||
| 260 |
_aPhnom Penh _bRUA _c2013 |
||
| 300 |
_ax; 51p. _bill. _c29cm. |
||
| 856 | _uhttps://drive.google.com/file/d/1k4UEIuAnw1qd7Qp2rxDGa4aBMapfK7hf/view?usp=sharing | ||
| 942 | _cAGR | ||
| 999 |
_c1306 _d1306 |
||